| 000 | 00547nam a2200181Ia 4500 | ||
|---|---|---|---|
| 003 | GCL | ||
| 008 | 140319s9999 xx 000 0 ara d | ||
| 040 |
_aGCL / _cGCL |
||
| 082 | 0 | 4 |
_a823.03 _bب و |
| 100 | 1 | _aبرنتى، املى | |
| 245 | 1 | 0 |
_aوذرنج هيتس / _cبرنتى، املى |
| 700 | 1 | _aانور الحناوى (مترجم) | |
| 300 | _a253 ص | ||
| 490 |
_aالالف كتاب _v0 |
||
| 650 | 0 | 4 | _aالقصص الانجليزية المترجمة |
| 650 | 0 | 4 | _aالادب الانجليزى المترجم |
| 942 |
_2ddc _cBK |
||
| 999 |
_c42835 _d42835 |
||